Super Bowl winners since 2010 - Statistics

General Stats
  • This quiz has been taken 29 times
  • The average score is 16 of 17
Answer Stats
Year Answer % Correct
2024 Kansas City Chiefs
100%
2023 Kansas City Chiefs
100%
2020 Kansas City Chiefs
100%
2025 Philadelphia Eagles
100%
2018 Philadelphia Eagles
100%
2026 Seattle Seahawks
100%
2014 Seattle Seahawks
100%
2021 Tampa Bay Buccaneers
100%
2019 New England Patriots
96%
2017 New England Patriots
96%
2015 New England Patriots
96%
2012 New York Giants
96%
2016 Denver Broncos
91%
2022 Los Angeles Rams
91%
2010 New Orleans Saints
91%
2013 Baltimore Ravens
83%
2011 Green Bay Packers
83%
No matching quizzes found
Score Distribution
Percent of People with Each Score
Percentile by Number Answered
Your Score History
You have not taken this quiz